000 00789nam a22002177a 4500
999 _c5878
_d5878
003 AR-CdUCM
008 190313b ||||| |||| 00| 0 spa d
040 _aMUNICIPALIDAD PROVINCIAL DEL CUSCO
_cBIBLIOTECA MUNICIPAL DEL CUSCO
082 _a869.963 /
_bC28
100 _aCasal, Lourdes
_917348
245 _aPalabras juntan revolución :
_bPoesía /
260 _aLa Habana :
_bCasa de las Américas,
_c1981.
300 _a112 páginas ;
_c19 cm.
500 _aDonación familia Nieto
505 _aContenido: El barrio regresa en sus sonidos -- Obbatalá -- Ebbo -- La danza eterna -- Tanto mas vulnerable que la piedra -- Eleggua -- Definición...
650 _aPoesías cubanas
_917349
650 _aSiglo XX
_98
650 _aEleggua
_917350
942 _2ddc
_cLIBROS
945 _adavv